000
00293nam a22001337a 4500
008
181203b xxu||||| |||| 00| 0 eng d
020
_a
9780684830445
041
_a
eng
080
_a
338
100
_a
53
101
_a
MEN
245
_a
Management of the Absurd
_c
Farson,R
942
_2
udc
_c
BK
999
_c
52730
_d
52730